A White Woman's Instagram - according to Bo Burnham - Statistics

General Stats
  • This quiz has been taken 124 times
  • The average score is 13 of 24
Answer Stats
Answer % Correct
Tiny pumpkins
78%
Latte foam art
77%
Fuzzy, comfy socks
69%
Some random quote from Lord of the Rings incorrectly attributed to Martin Luther King
69%
A couple holding hands
64%
An open window
64%
A poem written in the sand
63%
A novel
61%
An avocado
56%
A golden retreiver in a flower crown
55%
A bobblehead of Ruth Bader Ginsburg
53%
A goat cheese salad
52%
A ring on her finger from the person that she loves
52%
Coffee Table made out of driftwood
52%
A needlepoint of a fox
49%
Incredibly derivative political street art
49%
Fresh fallen snow on the ground
47%
A couple of doves
46%
A dreamcatcher bought from Urban Outfitters
45%
A vintage neon sign
43%
Three little words
41%
A backlit hammock
36%
A simple glass of wine
34%
Her favourite photo of her mom
31%
No matching quizzes found
Score Distribution
Percent of People with Each Score
Percentile by Number Answered
Your Score History
You have not taken this quiz